Southville International School and Colleges
Your cart is empty.
  • Cart
  • Lists
    Public lists Eva Luna New books Lux_list list_1
    Your lists Log in to create your own lists
  • Log in to your account
  • Your cookies
  • Search history
Southville International School and Colleges
  • Advanced search
  • Recent comments
  • Most popular
  • Libraries

Log in to your account

Log in with GOOGLE


If you do not have an external account, but do have a local account, you can still log in:

  1. Home
  2. MARC view: One night /
Normal view MARC view ISBD view

One night / (Record no. 288585)

[ view plain ]
MARC details
000 -LEADER
fixed length control field 00993cam a22003013a 4500
001 - CONTROL NUMBER
control field 16409563
003 - CONTROL NUMBER IDENTIFIER
control field PILC
005 - DATE AND TIME OF LATEST TRANSACTION
control field 20150903085013.0
008 - FIXED-LENGTH DATA ELEMENTS--GENERAL INFORMATION
fixed length control field 940806s1994 nyu 000 1 eng d
010 ## - LIBRARY OF CONGRESS CONTROL NUMBER
LC control number 97817330
020 ## - INTERNATIONAL STANDARD BOOK NUMBER
International Standard Book Number 006108185X (pbk.) :
Terms of availability $5.50
035 ## - SYSTEM CONTROL NUMBER
System control number (OCoLC)ocm30891258
040 ## - CATALOGING SOURCE
Original cataloging agency IMD
Transcribing agency IMD
Modifying agency SVP
-- SLC
-- OCL
-- OCLCQ
-- DLC
050 ## - LIBRARY OF CONGRESS CALL NUMBER
Classification number PZ 7
Item number .M171 1994
100 1# - MAIN ENTRY--PERSONAL NAME
Personal name Macomber, Debbie.
245 10 - TITLE STATEMENT
Title One night /
Statement of responsibility, etc Debbie Macomber.
260 ## - PUBLICATION, DISTRIBUTION, ETC. (IMPRINT)
Place of publication, distribution, etc New York :
Name of publisher, distributor, etc HarperPaperbacks,
Date of publication, distribution, etc 1994.
300 ## - PHYSICAL DESCRIPTION
Extent 319 pages ;
Dimensions 18 cm.
500 ## - GENERAL NOTE
General note "Harper monogram."
650 #0 - SUBJECT ADDED ENTRY--TOPICAL TERM
Topical term or geographic name as entry element Women broadcasters
Geographic subdivision Missouri
-- Kansas City
Form subdivision Fiction.
650 #0 - SUBJECT ADDED ENTRY--TOPICAL TERM
Topical term or geographic name as entry element Women broadcasters
Geographic subdivision Kansas
-- Kansas City
Form subdivision Fiction.
651 #0 - SUBJECT ADDED ENTRY--GEOGRAPHIC NAME
Geographic name Kansas City (Mo.)
Form subdivision Fiction.
651 #0 - SUBJECT ADDED ENTRY--GEOGRAPHIC NAME
Geographic name Kansas City (Kan.)
Form subdivision Fiction.
655 #7 - INDEX TERM--GENRE/FORM
Genre/form data or focus term Love stories.
Source of term gsafd
710 2# - ADDED ENTRY--CORPORATE NAME
Corporate name or jurisdiction name as entry element Copyright Paperback Collection (Library of Congress)
Institution to which field applies DLC
906 ## - LOCAL DATA ELEMENT F, LDF (RLIN)
a 7
b cbc
c copycat
d 2
e ncip
f 19
g y-genrareb
942 ## - ADDED ENTRY ELEMENTS (KOHA)
Source of classification or shelving scheme Library of Congress Classification
Koha item type Books
Call number prefix Foreign
Holdings
Withdrawn status Lost status Source of classification or shelving scheme Damaged status Home library Current library Shelving location Date acquired Source of acquisition Sub Shelving location Total Checkouts Full call number Barcode Date last seen Price effective from Koha item type
    Library of Congress Classification   College Library College Library Fiction Section 09/03/2015 Donation     PZ 7 .M171 1994 C19892 05/08/2018 09/03/2015 Books

One night /

APA

Macomber D., Copyright Paperback Collection (Library of Congress), . (1994). One night. New York: HarperPaperbacks.

Chicago

Macomber Debbie, Copyright Paperback Collection (Library of Congress), . 1994. One night. New York: HarperPaperbacks.

Harvard

Macomber D., Copyright Paperback Collection (Library of Congress), . (1994). One night. New York: HarperPaperbacks.

MLA

Macomber Debbie, Copyright Paperback Collection (Library of Congress), . One night. New York: HarperPaperbacks. 1994.

  • Place hold
  • Print
  • Cite
  • Add to your cart (remove)
  • Save record
    BIBTEX Dublin Core MARCXML MARC (non-Unicode/MARC-8) MARC (Unicode/UTF-8) MARC (Unicode/UTF-8, Standard) MODS (XML) RIS
  • More searches
    Search for this title in:
    Other Libraries (WorldCat) Other Databases (Google Scholar) Online Stores (Bookfinder.com) Open Library (openlibrary.org)

Exporting to Dublin Core...

SOUTHVILLE LIBRARY

Southville International School and Colleges Library

1281 Tropical Ave. Cor. Luxembourg St., BF Homes International, Las Pinas City

Tel. No. 8256374 / 252358 Loc. 117/146

Powered by Koha